书目信息 |
| 题名: |
康乐经营与管理
|
|
| 作者: | 田芙蓉 , 杨敏 主编 | |
| 分册: | ||
| 出版信息: | 重庆 重庆大学出版社 2003 |
|
| 页数: | 327页 | |
| 开本: | 26cm | |
| 丛书名: | 高致高专旅游系列教材 | |
| 单 册: | ||
| 中图分类: | F719.5 | |
| 科图分类: | ||
| 主题词: | 商业经济--国内 | |
| 电子资源: | ||
| ISBN: | 7-5624-2903-0 | |
| 000 | 00666nam0 2200217 450 | |
| 001 | 0736196517 | |
| 005 | 20070924100316.51 | |
| 010 | @a7-5624-2903-0@d¥25.00 | |
| 100 | @a20070924d km y0chiy0120 ea | |
| 101 | 0 | @achi |
| 200 | 1 | @a康乐经营与管理@Akang yue jing ying yu guan li@f杨敏,田芙蓉 主编@Fyang min,tian fu rong zhu bian |
| 210 | @a重庆@c重庆大学出版社@d2003 | |
| 215 | @a327页@d26cm | |
| 225 | 2 | @a高致高专旅游系列教材 |
| 410 | 0 | @12001 @a高致高专旅游系列教材 |
| 606 | 0 | @a商业经济@x国内 |
| 690 | @aF719.5@v3 | |
| 701 | 0 | @a田芙蓉@Atian fu rong@4主编 |
| 701 | 0 | @a杨敏@Ayang min@4主编 |
| 801 | 0 | @aCN@bPFT@c20070924 |
| 905 | @a213230@dF719.5@eZY13@f1 | |
| 康乐经营与管理/杨敏,田芙蓉 主编.-重庆:重庆大学出版社,2003 |
| 327页;26cm.-(高致高专旅游系列教材) |
| ISBN 7-5624-2903-0:¥25.00 |
| ● |
| 相关链接 |
|
|
|
|
正题名:康乐经营与管理
索取号:F719.5/ZY13
 
预约/预借
| 序号 | 登录号 | 条形码 | 馆藏地/架位号 | 状态 | 备注 |
| 1 | 7900153 | 279001535 | 密集书库-资源管理系/ [索取号:F719.5/ZY13] | 在馆 |